Los derechos de los pueblos indios en Latinoamérica /

Guardat en:
Dades bibliogràfiques
Autor principal: Sandoval Forero, Eduardo Andrés
Format: Text
Etiquetes: Afegir etiqueta
Sense etiquetes, Sigues el primer a etiquetar aquest registre!

MARC

LEADER 00000 a a2200000 04500
001 3899
003
040
100 |a Sandoval Forero, Eduardo Andrés  
245 |a Los derechos de los pueblos indios en Latinoamérica /  |c Eduardo Andrés Sandoval Forero 
773 |g volumen 9, número 20; páginas 141-171  
999 |c 39915  |d 39915